Football : Français qui ont gagné la ligue des champions - Statistiques

Statistiques générales
  • Ce quiz a été pris 93 fois
    2 depuis la dernière actualisation
  • Le résultat moyen est 37 sur 87
Statistiques - réponses
Année Joueur % Correct
2024 Aurélien Tchouameni
100%
2026 Désiré Doué
100%
2025 Désiré Doué
100%
2024 Eduardo Camavinga
100%
2022 Eduardo Camavinga
100%
2013 Franck Ribéry
100%
2015 Jérémy Mathieu
100%
2022 Karim Benzema
100%
2018 Karim Benzema
100%
2017 Karim Benzema
100%
2016 Karim Benzema
100%
2014 Karim Benzema
100%
2020 Kingsley Coman
100%
2026 Lucas Chevalier
100%
2021 Ngolo Kante
100%
2026 Ousmane Dembélé
100%
2025 Ousmane Dembélé
100%
2018 Raphaël Varane
100%
2017 Raphaël Varane
100%
2016 Raphaël Varane
100%
2014 Raphaël Varane
100%
2026 Senny Mayulu
100%
2025 Senny Mayulu
100%
2002 Zinedine Zidane
100%
1993 Basile Boli
50%
2026 Bradley Barcola
50%
2025 Bradley Barcola
50%
2020 Corentin Tolisso
50%
1996 Didier Deschamps
50%
1993 Didier Deschamps
50%
1993 Fabien Barthez
50%
2024 Ferland Mendy
50%
2022 Ferland Mendy
50%
1994 Jean-Pierre Papin
50%
2026 Lucas Hernandez
50%
2025 Lucas Hernandez
50%
2020 Lucas Hernandez
50%
1994 Marcel Desailly
50%
1993 Marcel Desailly
50%
1985 Michel Platini
50%
2021 Olivier Giroud
50%
2026 Quentin Ndjantou
50%
1959 Raymond Kopa
50%
1958 Raymond Kopa
50%
1957 Raymond Kopa
50%
2018 Theo Hernandez
50%
2009 Thierry Henry
50%
2026 Warren Zaïre-Emery
50%
2025 Warren Zaïre-Emery
50%
2005 Anthony Le Tallec
0%
2026 Arthur Vignaud
0%
2025 Axel Tape
0%
2020 Benjamin Pavard
0%
1993 Bernard Casoni
0%
2001 Bixente Lizarazu
0%
2000 Christian Karembeu
0%
1998 Christian Karembeu
0%
2002 Claude Makelele
0%
2026 David Boly
0%
2005 Djibril Cissé
0%
2011 Éric Abidal
0%
2009 Éric Abidal
0%
1993 Eric Di Meco
0%
2012 Florent Malouda
0%
2005 Florent Sinama-Pongolle
0%
1993 Franck Sauzée
0%
1993 Jean-Christophe Marquet
0%
1993 Jean-Christophe Thomas
0%
1993 Jean-Jacques Eydelie
0%
1993 Jean-Marc Ferreri
0%
1993 Jean-Philippe Durand
0%
2021 Kurt Zouma
0%
2008 Louis Saha
0%
2006 Ludovic Giuly
0%
1993 Manuel Amoros
0%
2026 Martin James
0%
2026 Mathis Jangeal
0%
2020 Mickael Cuisance
0%
2008 Mikael Silvestre
0%
2000 Nicolas Anelka
0%
2026 Noah Nsoki
0%
1993 Pascal Olmeta
0%
2008 Patrice Evra
0%
2025 Presnel Kimpembe
0%
2001 Willy Sagnol
0%
2007 Yoann Gourcuff
0%
2025 Yoram Zague
0%
Aucun quiz correspondant
Distribution des résultats
% des personnes avec chaque résultat
Percentile par nombre de réponses
Votre historique - résultats
Vous n’avez pas pris ce quiz depuis la dernière actualisation